|
|
|
|
| LEADER |
01636cam a2200493 a 4500 |
| 001 |
nkc20112168250 |
| 003 |
CZ PrNK |
| 005 |
20110623103335.0 |
| 007 |
ta |
| 008 |
101116s2010 xr a e f 000 0 cze d |
| 015 |
|
|
|a cnb002168250
|
| 020 |
|
|
|a 978-80-7309-909-1
|q (brož.)
|
| 035 |
|
|
|a (OCoLC)730407463
|
| 040 |
|
|
|a BOG505
|b cze
|d KLG001
|d OLA001
|
| 072 |
|
7 |
|a 793
|x Společenská zábava
|2 Konspekt
|9 20
|
| 080 |
|
|
|a 662.53
|2 MRF
|
| 080 |
|
|
|a 793.7-021.432
|2 MRF
|
| 080 |
|
|
|a 793.7
|2 MRF
|
| 080 |
|
|
|a 379.8:793/796
|2 MRF
|
| 080 |
|
|
|a 793.8
|2 MRF
|
| 080 |
|
|
|a (035)
|2 MRF
|
| 100 |
1 |
|
|a Fischerová, Mary,
|d 1952-
|7 pna2011634532
|4 aut
|
| 245 |
1 |
0 |
|a Hry, kouzla a hlavolamy se zápalkami /
|c Mary Fischerová
|
| 250 |
|
|
|a Vyd. 1.
|
| 260 |
|
|
|a [Praha] :
|b Levné knihy,
|c 2010
|
| 300 |
|
|
|a 207 s. :
|b il. ;
|c 20 cm
|
| 650 |
0 |
7 |
|a zápalky
|7 ph261555
|2 czenas
|
| 650 |
0 |
7 |
|a logické hádanky
|7 ph137277
|2 czenas
|
| 650 |
0 |
7 |
|a hlavolamy
|7 ph120751
|2 czenas
|
| 650 |
0 |
7 |
|a hry
|7 ph114716
|2 czenas
|
| 650 |
0 |
7 |
|a kouzla
|7 ph114993
|2 czenas
|
| 650 |
0 |
9 |
|a safety-matches
|2 eczenas
|
| 650 |
0 |
9 |
|a logic puzzles
|2 eczenas
|
| 650 |
0 |
9 |
|a puzzles
|2 eczenas
|
| 650 |
0 |
9 |
|a games
|2 eczenas
|
| 650 |
0 |
9 |
|a tricks
|2 eczenas
|
| 655 |
|
7 |
|a příručky
|7 fd133209
|2 czenas
|
| 655 |
|
9 |
|a handbooks and manuals
|2 eczenas
|
| 856 |
4 |
1 |
|u http://www.digitalniknihovna.cz/mzk/uuid/uuid:c216e6b0-7495-11e8-87bd-005056827e52
|y Digitalizovaný dokument
|x NDK
|
| 910 |
2 |
|
|a BOA001
|b 2-1263.885
|
| 990 |
|
|
|a BK
|
| 995 |
|
|
|a 01
|
| 991 |
|
|
|b 201106
|c NOV
|e n
|
| 996 |
6 |
|
|b 2610466804
|c 2-1263.885
|l MZK
|r Sklad / do 1 hodiny
|n 5
|p p.v.
|w 001181708
|u 000010
|a 1
|e BOA001
|j MZK50
|s P
|